[Event "Bronshoj-ch A"]
[Site "Bronshoj"]
[Date "2015.??.??"]
[Round "4"]
[White "Jorgensen, Rasmus"]
[Black "Christensen, Esben"]
[Result "0-1"]
[WhiteElo "2122"]
[BlackElo "2043"]
[PlyCount "198"]
[EventDate "2015.03.05"]
[EventType "tourn"]
[EventRounds "9"]
[EventCountry "DEN"]
[SourceTitle "EXT 2024"]
[Source "ChessBase"]
[SourceDate "2023.10.10"]
[SourceVersion "1"]
[SourceVersionDate "2023.10.10"]
[SourceQuality "1"]

1. d4 Nf6 2. c4 c5 3. d5 b5 4. cxb5 a6 5. f3 g6 6. e4 d6 7. Na3 Bg7 8. Ne2 0-0 9. Nc3 Bb7 10. Be2 e6 11. dxe6 fxe6 12. Bg5 h6 13. Bh4 g5 14. Bf2 Qc7 15. b6 Qc6 16. Nc4 d5 17. Na5 Qxb6 18. Nxb7 Qxb2 19. 0-0 Qxb7 20. Rb1 Qc6 21. Qa4 Nxe4 22. Qxc6 Nxc6 23. fxe4 Bxc3 24. Bg4 Rf6 25. Rb6 Nd4 26. Rc1 Raf8 27. Be3 dxe4 28. Rxa6 Nf5 29. Bxc5 Bd4+ 30. Bxd4 Nxd4 31. Rd6 e5 32. Rxf6 Rxf6 33. Rc5 Nc6 34. a4 e3 35. Rc3 Nd4 36. Rxe3 Ra6 37. Bd7 Ra5 38. Kf2 Kg7 39. Rc3 Kf6 40. Rh3 Kg7 41. Rc3 h5 42. Ke3 Kf6 43. Rc4 Ke7 44. Bc8 h4 45. Bg4 Kd6 46. Ke4 Ra8 47. Bc8 Ra7 48. g3 Rf7 49. a5 Nb3 50. Ke3 Nxa5 51. Rg4 hxg3 52. hxg3 Rg7 53. Ke4 Rg8 54. Ba6 Ke6 55. Ke3 Kf6 56. Ra4 Nb3 57. Bc4 Nc5 58. Ra7 Rg7 59. Ra8 Rc7 60. Rf8+ Kg6 61. Rg8+ Kf5 62. Be2 Ne6 63. g4+ Kf6 64. Ra8 Rc3+ 65. Kd2 Rc6 66. Rh8 e4 67. Bb5 Rb6 68. Bc4 Ke5 69. Re8 Kf6 70. Bxe6 Rxe6 71. Rf8+ Kg6 72. Rf5 Rf6 73. Re5 Rf4 74. Re6+ Kf7 75. Ra6 Rxg4 76. Ke3 Rh4 77. Rb6 Kg7 78. Ra6 Rh6 79. Ra7+ Kg6 80. Kxe4 Rh3 81. Ra8 Kh5 82. Rh8+ Kg4 83. Rg8 Rh1 84. Ke3 Rf1 85. Ke2 Rf5 86. Rh8 Kg3 87. Rh5 Kg4 88. Rh8 Rf4 89. Rg8 Kh4 90. Ke3 Rf7 91. Rh8+ Kg3 92. Ke4 g4 93. Rg8 Kh3 94. Ke3 g3 95. Rh8+ Kg2 96. Rh4 Kg1 97. Rh3 g2 98. Ke2 Re7+ 99. Kf3 Kf1 0-1

[Event "Bronshoj-ch A"]
[Site "Bronshoj"]
[Date "2015.??.??"]
[Round "3"]
[White "Kistrup, Nicolai"]
[Black "Jorgensen, Rasmus"]
[Result "0-1"]
[WhiteElo "2079"]
[BlackElo "2122"]
[PlyCount "76"]
[EventDate "2015.03.05"]
[EventType "tourn"]
[EventRounds "9"]
[EventCountry "DEN"]
[SourceTitle "EXT 2024"]
[Source "ChessBase"]
[SourceDate "2023.10.10"]
[SourceVersion "1"]
[SourceVersionDate "2023.10.10"]
[SourceQuality "1"]

1. d4 Nf6 2. Nf3 g6 3. c4 Bg7 4. Nc3 0-0 5. Bg5 c5 6. d5 h6 7. Bh4 d6 8. e3 b5 9. Be2 g5 10. Bg3 b4 11. Nb1 Ne4 12. Qc1 Bf5 13. Nbd2 Nxg3 14. hxg3 Nd7 15. 0-0 a5 16. e4 Bg6 17. Bd3 a4 18. Rb1 a3 19. b3 e6 20. Ne1 exd5 21. cxd5 Ne5 22. Be2 f5 23. f3 fxe4 24. Nxe4 Bxe4 25. fxe4 Rxf1+ 26. Kxf1 Qf6+ 27. Kg1 Rf8 28. Qe3 Ng4 29. Bxg4 Qf1+ 30. Kh2 Bd4 31. Nf3 Qxb1 32. Be6+ Kh7 33. Nxd4 cxd4 34. Qxd4 Qb2 35. Qxb4 Rf2 36. Bf5+ Kg7 37. Bh3 g4 38. e5 Qxe5 0-1

[Event "DEN-chT 1314 52nd"]
[Site "Denmark"]
[Date "2014.03.09"]
[Round "9.8"]
[White "Larsen, Jesper Riis"]
[Black "Jorgensen, Rasmus"]
[Result "0-1"]
[WhiteElo "1996"]
[BlackElo "2060"]
[PlyCount "58"]
[EventDate "2013.11.02"]
[EventType "team-tourn"]
[EventRounds "9"]
[EventCountry "DEN"]
[SourceTitle "EXT 2015"]
[Source "ChessBase"]
[SourceDate "2014.11.20"]
[SourceVersion "1"]
[SourceVersionDate "2014.11.20"]
[SourceQuality "1"]
[WhiteTeam "Aarhus/Skolerne"]
[BlackTeam "Valby K41"]
[WhiteTeamCountry "DEN"]
[BlackTeamCountry "DEN"]

1. Nf3 Nf6 2. d4 g6 3. Nc3 d5 4. Bf4 c6 5. e3 Bg7 6. Be2 0-0 7. h3 Re8 8. Qd2 Nbd7 9. Ne5 Ne4 10. Nxe4 dxe4 11. 0-0-0 Nxe5 12. Bxe5 Be6 13. Bxg7 Kxg7 14. c4 b5 15. d5 cxd5 16. cxd5 Qc7+ 17. Kb1 Red8 18. Rc1 Qe5 19. Qc3 Qxc3 20. Rxc3 Rxd5 21. Rd1 Rxd1+ 22. Bxd1 a5 23. Bb3 Bxb3 24. Rxb3 b4 25. Kc2 f5 26. f3 Kf6 27. Kd2 Ke5 28. fxe4 fxe4 29. g3 Kd5 0-1

[Event "Valby K41 Aabent-ch 1011"]
[Site "Valby"]
[Date "2011.01.25"]
[Round "7"]
[White "Jorgensen, Rasmus"]
[Black "Sorensen, Dick"]
[Result "1-0"]
[WhiteElo "2075"]
[BlackElo "1917"]
[PlyCount "81"]
[EventDate "2010.11.03"]
[EventType "swiss"]
[EventRounds "10"]
[EventCountry "DEN"]
[SourceTitle "EXT 2023"]
[Source "ChessBase"]
[SourceDate "2022.10.05"]
[SourceVersion "1"]
[SourceVersionDate "2022.10.05"]
[SourceQuality "1"]

1. e4 c5 2. Nf3 e6 3. d4 cxd4 4. Nxd4 a6 5. Nc3 Qc7 6. Bd3 Nf6 7. f4 d6 8. 0-0 b5 9. Kh1 Bb7 10. Qe2 Nbd7 11. Bd2 Be7 12. a4 bxa4 13. Nxa4 0-0 14. Bb4 Rfe8 15. c3 Bf8 16. b3 Nc5 17. Nxc5 dxc5 18. Ba5 Qc8 19. Nf3 g6 20. Ne5 Bg7 21. Rad1 Nd7 22. Nc4 Qc6 23. e5 Bf8 24. Rd2 Rac8 25. Qg4 f5 26. Qg3 Be7 27. Be2 Nf8 28. Nd6 Qd7 29. Rfd1 Bxd6 30. Rxd6 Qe7 31. Bf3 Bxf3 32. Qxf3 c4 33. b4 Qa7 34. h4 Qe7 35. Qf2 Qb7 36. R1d4 Qb5 37. h5 Qa4 38. Rd1 Rc6 39. R6d2 Qb3 40. h6 Qxc3 41. Qa7 1-0

[Event "Valby K41 Aabent-ch 1011"]
[Site "Valby"]
[Date "2011.01.11"]
[Round "6"]
[White "Hansen, Rasmus Agertoft"]
[Black "Jorgensen, Rasmus"]
[Result "0-1"]
[WhiteElo "1832"]
[BlackElo "2075"]
[PlyCount "74"]
[EventDate "2010.11.03"]
[EventType "swiss"]
[EventRounds "10"]
[EventCountry "DEN"]
[SourceTitle "EXT 2023"]
[Source "ChessBase"]
[SourceDate "2022.10.05"]
[SourceVersion "1"]
[SourceVersionDate "2022.10.05"]
[SourceQuality "1"]

1. d4 Nf6 2. c4 g6 3. Nc3 Bg7 4. e4 d6 5. Nf3 0-0 6. Be2 e5 7. d5 Na6 8. Bg5 h6 9. Bh4 g5 10. Bg3 Nxe4 11. Nxe4 f5 12. Nc3 f4 13. Ne4 fxg3 14. hxg3 Bf5 15. Nfd2 Nc5 16. Nxc5 dxc5 17. Qb3 e4 18. Rc1 Rf6 19. Qe3 Qe7 20. Nb3 b6 21. Rd1 a5 22. Na1 Rd6 23. b3 a4 24. Nc2 Bf6 25. g4 Bh7 26. Kf1 Be5 27. g3 axb3 28. axb3 Rf6 29. Kg2 Ra2 30. Rd2 Rxc2 31. Rxc2 Bd4 32. Qc1 Rxf2+ 33. Kh3 e3 34. Rh2 Rxh2+ 35. Kxh2 Qf6 36. Kh3 Qf2 37. Qh1 Be5 0-1

[Event "DEN 75th Ann"]
[Site "Copenhagen"]
[Date "2010.02.20"]
[Round "9"]
[White "Jorgensen, Rasmus"]
[Black "Akdag, Dara Sevkan"]
[Result "0-1"]
[WhiteElo "2015"]
[BlackElo "2157"]
[PlyCount "76"]
[EventDate "2010.02.15"]
[EventType "swiss"]
[EventRounds "9"]
[EventCountry "DEN"]
[SourceTitle "CBM 134 Extra"]
[Source "ChessBase"]
[SourceDate "2010.03.03"]
[SourceVersion "1"]
[SourceVersionDate "2010.03.03"]
[SourceQuality "1"]

1. e4 c5 2. Nf3 d6 3. d4 cxd4 4. Nxd4 Nf6 5. Nc3 g6 6. Be3 Bg7 7. f3 Nc6 8. Qd2 0-0 9. 0-0-0 Bd7 10. Bc4 Rc8 11. Bb3 Nxd4 12. Bxd4 b5 13. e5 dxe5 14. Bxe5 Bc6 15. Qxd8 Rfxd8 16. Rxd8+ Rxd8 17. Rd1 Bh6+ 18. Kb1 Rxd1+ 19. Nxd1 Nd7 20. Bd4 a6 21. Nf2 Bf4 22. h3 e5 23. Nd3 Bg3 24. Bf2 Bxf2 25. Nxf2 Nc5 26. Ng4 e4 27. fxe4 Nxb3 28. axb3 Kg7 29. Nf2 Kf6 30. c4 Ke5 31. Kc2 Kd4 32. cxb5 axb5 33. Kd2 Bxe4 34. Nxe4 Kxe4 35. Kc3 Kd5 36. b4 Ke4 37. b3 Ke3 38. h4 f5 0-1

[Event "DEN 75th Ann"]
[Site "Copenhagen"]
[Date "2010.02.16"]
[Round "3"]
[White "Jorgensen, Rasmus"]
[Black "Brinck Claussen, Bjorn"]
[Result "1/2-1/2"]
[WhiteElo "2015"]
[BlackElo "2300"]
[PlyCount "58"]
[EventDate "2010.02.15"]
[EventType "swiss"]
[EventRounds "9"]
[EventCountry "DEN"]
[SourceTitle "CBM 134 Extra"]
[Source "ChessBase"]
[SourceDate "2010.03.03"]
[SourceVersion "1"]
[SourceVersionDate "2010.03.03"]
[SourceQuality "1"]

1. e4 e6 2. d4 d5 3. Nc3 Bb4 4. e5 c5 5. a3 Bxc3+ 6. bxc3 Ne7 7. h4 Nbc6 8. h5 h6 9. Nf3 Qa5 10. Bd2 Bd7 11. Rh4 c4 12. g3 0-0-0 13. Rf4 Rhf8 14. Nh4 f6 15. Qf3 f5 16. a4 Kb8 17. Bc1 Ka8 18. Ba3 Be8 19. Kd2 Rg8 20. Bc5 b6 21. Ba3 Qxa4 22. Qd1 Qb5 23. Bh3 g5 24. hxg6 Nxg6 25. Nxg6 Bxg6 26. Rh4 h5 27. Bd6 Rd7 28. Bg2 Rh7 29. Rb1 Qa6 1/2-1/2

[Event "Valby K41 op 0910"]
[Site "Valby"]
[Date "2009.11.17"]
[Round "2"]
[White "Jorgensen, Rasmus"]
[Black "Petersen, Steen Brustrup"]
[Result "1/2-1/2"]
[WhiteElo "1928"]
[BlackElo "2130"]
[PlyCount "74"]
[EventDate "2009.11.03"]
[EventType "swiss"]
[EventRounds "9"]
[EventCountry "DEN"]
[SourceTitle "EXT 2018"]
[Source "ChessBase"]
[SourceDate "2017.10.13"]
[SourceVersion "1"]
[SourceVersionDate "2017.10.13"]
[SourceQuality "1"]

1. e4 c5 2. Nf3 d6 3. d4 cxd4 4. Nxd4 Nf6 5. Nc3 a6 6. Be3 Ng4 7. Bg5 h6 8. Bh4 g5 9. Bg3 Bg7 10. h3 Ne5 11. f3 Nbc6 12. Bf2 b5 13. Nd5 Rb8 14. a3 e6 15. Nb4 Qc7 16. Nbxc6 Nxc6 17. Nxc6 Qxc6 18. Bd4 Be5 19. Bxe5 dxe5 20. Qd2 Ke7 21. 0-0-0 Bb7 22. Qb4+ Kf6 23. Rd6 Qc7 24. Be2 Rbc8 25. Rd2 Rhd8 26. Rhd1 Rd4 27. Qb3 Qc5 28. h4 Rxd2 29. Rxd2 Qg1+ 30. Bd1 Rc4 31. hxg5+ hxg5 32. Qd3 Rd4 33. Qc3 Rc4 34. Qd3 Rd4 35. Qc3 Rxd2 36. Qxd2 Qd4 37. c3 Qxd2+ 1/2-1/2

[Event "Valby K41 op 0910"]
[Site "Valby"]
[Date "2009.11.03"]
[Round "1"]
[White "Gjelstrup, Ole"]
[Black "Jorgensen, Rasmus"]
[Result "0-1"]
[WhiteElo "1438"]
[BlackElo "1928"]
[PlyCount "84"]
[EventDate "2009.11.03"]
[EventType "swiss"]
[EventRounds "9"]
[EventCountry "DEN"]
[SourceTitle "EXT 2018"]
[Source "ChessBase"]
[SourceDate "2017.10.13"]
[SourceVersion "1"]
[SourceVersionDate "2017.10.13"]
[SourceQuality "1"]

1. e4 g6 2. d4 Bg7 3. Bc4 d6 4. Ne2 Nc6 5. a3 Nf6 6. Nbc3 a6 7. 0-0 0-0 8. f4 Nxe4 9. Bxf7+ Rxf7 10. Nxe4 Bg4 11. c3 h6 12. h3 Bf5 13. N2g3 Qd7 14. Be3 e6 15. Qe2 Ne7 16. Rae1 Raf8 17. h4 Nd5 18. Nf2 h5 19. Nxf5 exf5 20. Qf3 c6 21. Qg3 Kh7 22. Nh3 Re7 23. Ng5+ Kh6 24. Bd2 Rfe8 25. Rxe7 Rxe7 26. Re1 Bf6 27. Kh2 b5 28. Kh3 Qe8 29. Rxe7 Qxe7 30. Qf3 Kg7 31. b3 Bxg5 32. hxg5 Qe4 33. Qxe4 fxe4 34. Kg3 Kf7 35. Kf2 Ke6 36. c4 Ne7 37. Be3 Nf5 38. cxb5 cxb5 39. Ke2 Nxe3 40. Kxe3 d5 41. Kf2 Kf5 42. Kg3 h4+ 0-1

[Event "Copenhagen Challenge"]
[Site "Ballerup"]
[Date "2009.05.06"]
[Round "1"]
[White "Semcesen, Daniel"]
[Black "Jorgensen, Rasmus"]
[Result "1-0"]
[WhiteElo "2387"]
[BlackElo "2024"]
[PlyCount "75"]
[EventDate "2009.05.06"]
[EventType "swiss"]
[EventRounds "9"]
[EventCountry "DEN"]
[SourceTitle "CBM 130 Extra"]
[Source "ChessBase"]
[SourceDate "2009.07.02"]
[SourceVersion "2"]
[SourceVersionDate "2009.07.15"]
[SourceQuality "1"]

1. d4 Nf6 2. c4 g6 3. Nc3 Bg7 4. e4 d6 5. Nf3 0-0 6. h3 Na6 7. Bg5 c6 8. Be2 Nc7 9. 0-0 d5 10. exd5 cxd5 11. c5 Ne6 12. Be3 Ne4 13. Qb3 Nxc3 14. Qxc3 Bd7 15. b4 Rc8 16. Qb3 Nc7 17. a4 f6 18. b5 Be6 19. a5 Bf7 20. b6 axb6 21. axb6 Ne6 22. Qb4 Be8 23. Nd2 Bc6 24. Nb3 Ng5 25. Na5 e5 26. Rad1 Ne6 27. Nxc6 bxc6 28. dxe5 fxe5 29. Bg4 Qf6 30. Ra1 h5 31. Bxe6+ Qxe6 32. Ra7 d4 33. Bg5 Bf6 34. Qd2 e4 35. Bf4 Be5 36. Bxe5 Qxe5 37. Qh6 Rf7 38. Qxg6+ 1-0

[Event "Valby K41 Aabent-ch 0809"]
[Site "Valby"]
[Date "2009.03.03"]
[Round "9"]
[White "Jorgensen, Rasmus"]
[Black "Christensen, Esben"]
[Result "1/2-1/2"]
[WhiteElo "2036"]
[BlackElo "1990"]
[PlyCount "32"]
[EventDate "2008.11.11"]
[EventType "swiss"]
[EventRounds "9"]
[EventCountry "DEN"]
[SourceTitle "EXT 2023"]
[Source "ChessBase"]
[SourceDate "2022.10.05"]
[SourceVersion "1"]
[SourceVersionDate "2022.10.05"]
[SourceQuality "1"]

1. e4 c5 2. Nf3 e6 3. d4 cxd4 4. Nxd4 Nf6 5. Nc3 d6 6. Be3 a6 7. g4 b5 8. g5 Nfd7 9. a3 Bb7 10. f4 Qc7 11. Bg2 Nc6 12. Qd2 b4 13. axb4 Nxb4 14. 0-0 Be7 15. f5 e5 16. Nb3 f6 1/2-1/2

[Event "Valby K41 Aabent-ch 0809"]
[Site "Valby"]
[Date "2009.02.03"]
[Round "6"]
[White "Nielsen, Jorgen Holmstrom"]
[Black "Jorgensen, Rasmus"]
[Result "0-1"]
[WhiteElo "1591"]
[BlackElo "2036"]
[PlyCount "61"]
[EventDate "2008.11.11"]
[EventType "swiss"]
[EventRounds "9"]
[EventCountry "DEN"]
[SourceTitle "EXT 2023"]
[Source "ChessBase"]
[SourceDate "2022.10.05"]
[SourceVersion "1"]
[SourceVersionDate "2022.10.05"]
[SourceQuality "1"]

1. Nc3 g6 2. d4 Bg7 3. Bf4 d6 4. Qd2 a6 5. e4 b5 6. Rd1 Bb7 7. a3 Nd7 8. f3 Rc8 9. Nge2 c5 10. Bg3 Bh6 11. Bf4 Bxf4 12. Nxf4 cxd4 13. Qxd4 e5 14. Qxd6 exf4 15. Qxf4 Qc7 16. Qh4 Qc5 17. Bd3 Ngf6 18. Kd2 0-0 19. Rhe1 Qd4 20. Kc1 Rxc3 21. bxc3 Qxc3 22. e5 Nd5 23. e6 Nc5 24. exf7+ Kg7 25. Kb1 Na4 26. Kc1 Rxf7 27. Qg3 Nf4 28. Re3 Qxa3+ 29. Kd2 Qc3+ 30. Kc1 Nb2 31. Bxg6 0-1